000 00517nam a2200181Ia 4500
003 GCL
008 140319s9999 xx 000 0 ara d
040 _aGCL /
_cGCL
082 0 4 _a210
_bاا
100 1 _aاحمد زكى تفاحة
245 1 0 _aالاسلام عقيدة وشريعة /
_cاحمد زكى تفاحة
260 _a[S.N] :
_bدار الكتب اللبنانى ،
_c1983
300 _a318 ص
490 _a
650 0 4 _aالاسلام
650 0 4 _aالفقه الاسلامى
942 _2ddc
_cBK
999 _c48419
_d48419